| 000 | 00865nam a22002297a 4500 | ||
|---|---|---|---|
| 010 | _aB-121615 | ||
| 020 | _a8176295876(Set) | ||
| 035 | _aB-121615 | ||
| 037 | _bCen Lib / Ret | ||
| 040 |
_aDPL _bEN |
||
| 082 |
_a378.003 _bGOY |
||
| 100 | _aGoel, Aruna | ||
| 245 |
_aEncyclopaedia of higher education in the 21st century / _cby Aruna Goel and S. L. Goel |
||
| 260 |
_aDelhi _bDeep and Deep Publication Pvt Ltd _c2005 |
||
| 270 |
_aWZ Plot no. 3, Gujjar Market _bNew Delhi _e110018 |
||
| 300 |
_a3 v. (v 2. xxxi, 542p ; v 3. 547p.) _b24cm |
||
| 505 | _a3 v. ; v 1. Organisations, administration and function (not available) ; v 2. Quality and excellence ; v 3. Extension education services | ||
| 650 | _aEducation, Higher --Dictionary | ||
| 650 | _aEducation -- Higher. | ||
| 700 | _a Goel, S. L. | ||
| 942 |
_2ddc _cEN _h378.003 _mGOY |
||
| 999 |
_c136413 _d136413 |
||